000 01071nam a22003257a 4500
003 CHAP
005 20220329133557.0
008 971013s1993 r 00010 d
010 _a8107
011 _a9079
035 _a8313
040 _cCHAP
090 _aTesis
100 0 0 _aFletes Ocon, Héctor Bernabé.
_941276
245 _aProducción y comercialización de melón (Cucumis melo L.) en el estado de Colima
260 _aChapingo, Méx. :
_bEl autor,
_c1993
300 _a92 h.
502 _aTesis (Ing. Agr. Esp. en Economía Agrícola) -- UACH. Departamento de Economía Agrícola
590 _aALEPH
_b10
_c20130110
_lUCH01
_h1221
590 _aBATCH-UPD
_b10
_c20130110
_lUCH01
_h0336
590 _aBATCH-UPD
_b10
_c20130410
_lUCH01
_h0009
590 _aBATCH-UPD
_b10
_c20130914
_lUCH01
_h1415
590 _aCONVERSION
_b10
_c20130109
_lUCH01
_h1306
650 1 4 _aMelón
_xColima.
_974442
650 1 4 _aMelón
_xMercadeo.
_974467
650 1 4 _aMelón
_xRendimiento.
_974477
901 _aBK
942 _cTESIS
949 _bBC
_cTES
_d-18490
_eTS1
_h26158
_i8313
_si
999 _c8107
_d8107